[Event "ICS Rated blitz match"]
[Site "204.178.125.65"]
[Date "1999.08.18"]
[Round "?"]
[White "Hossa"]
[Black "Panthee"]
[Result "0-1"]
[WhiteElo "2441"]
[BlackElo "2125"]
[Annotator "Fritz 5.32 (15s)"]
[PlyCount "82"]
[EventDate "1999.??.??"]

1. e4 1... a6 {Opening = B00 - 1.e4 ---} 2. d4 b5 3. c4 Bb7 4. Nd2 (4. cxb5
Bxe4 5. Nc3 Bb7 6. Nf3 Nf6 7. bxa6 Nxa6 8. Be2 e6 9. Bg5 Be7 10. O-O O-O 11.
Qb3 Qb8 12. Ne5 12... Rd8 {- Lochte,T-Terzic,S/Bayern 1991/TD (12)}) (4. d5 b4
5. Nf3 e6 6. Be3 d6 7. Qa4+ Nd7 8. Qxb4 Rb8 9. Ba7 a5 10. Qb5 Bxd5 11. Bxb8 c6
12. Qb7 Nc5 13. Qc7 Bxe4 14. Nbd2 Bf5 15. Qxc6+ Qd7 16. Qxd7+ Kxd7 17. Nd4 Bg6
18. Ba7 Na4 19. b3 Nc3 20. Ne2 Ne4 21. Nxe4 Bxe4 22. f3 Bg6 23. Nf4 Nf6 24. Bd3
d5 25. Bxg6 Bb4+ 26. Kf2 hxg6 27. cxd5 exd5 28. Rhd1 Kc6 29. a3 Bd6 30. Rac1+
Kb7 31. Nxd5 Kxa7 32. Nxf6 Bxa3 33. Rc7+ Kb6 34. Nd5+ Kb5 35. f4 Rxh2 36. Kf3
Rh5 37. Rxf7 Bb2 38. Rd3 Kc5 39. Rc7+ Kd6 40. Rc2 Rxd5 41. Rxd5+ {
1-0 Schumacher,B-Frank,D/Pinneberg 1998/EXT 99 (41)}) 4... bxc4 5. Bxc4 5... e6
$146 {Deckt d5} (5... Nf6 6. Qb3 e6 7. Qxb7 Nc6 8. Qb3 Nxd4 9. Qd3 Bc5 10. Ngf3
Nc6 11. O-O Qe7 12. b3 Nb4 13. Qc3 Rg8 14. a3 Nc6 15. b4 Bb6 16. Bb2 a5 17. b5
Nd8 18. e5 Ng4 19. h3 Nh6 20. a4 Bc5 21. Ba3 Bb4 22. Bxb4 axb4 23. Qb3 Nb7 24.
Rfb1 Nf5 25. Qxb4 d6 26. exd6 Nfxd6 27. Bd3 g6 28. Be4 Qd7 29. Bc6 {
1-0 Keller,D-Vink,N/Duisburg 1992/TD (29)}) 6. Qb3 Qc8 7. Ne2 Nc6 8. O-O $15 (
8. Qa4 8... Nf6 $11) 8... Na5 9. Qe3 Nxc4 10. Nxc4 Nf6 11. e5 {
Weiss erobert Raum} 11... Nd5 {Ein gutes Feld fuer den Springer} 12. Qg5 g6 13.
Bd2 Be7 14. Qh6 Bf8 15. Qh4 Be7 16. Bg5 Bxg5 17. Qxg5 O-O 18. Qh6 Ne7 19. Rac1
Nf5 20. Qg5 Qd8 21. Qxd8 Rfxd8 22. Na5 Bc6 23. Nxc6 dxc6 24. Rxc6 Nxd4 25. Nxd4
Rxd4 26. Rxc7 Rd2 27. Rb1 Re2 28. f4 $11 (28. Kf1 $5 28... Rxe5 29. Rd1 $14)
28... Rd8 29. Ra7 $15 (29. h3 $5 $11 {muss erwogen werden}) 29... Rdd2 30. g3
$17 (30. h3 Rxg2+ 31. Kh1 Rh2+ (31... Rxb2 $6 32. Rxb2 Rxb2 33. Rxa6 $11) 32.
Kg1 g5 (32... Rxb2 $6 33. Rxb2 Rxb2 34. Rxa6 $11) 33. Rxa6 Rdg2+ 34. Kf1 Rf2+
35. Kg1 35... gxf4 $17) 30... Rg2+ (30... Rxh2 $6 31. a4 $11) 31. Kh1 Rxh2+ 32.
Kg1 32... Rhg2+ $15 (32... Rdg2+ $5 33. Kf1 Rxg3 (33... Rxb2 $143 34. Rxb2 Rxb2
35. Rxa6 $14) 34. Rxa6 34... Rg4 $19) 33. Kh1 Rxg3 ({Schlechter ist} 33... Rxb2
34. Rxb2 Rxb2 35. Rxa6 $14) 34. Rxa6 34... h5 $11 (34... Rf2 35. Ra4 $15) 35.
Rc6 $17 (35. b4 $5 $11 {kommt in Betracht}) 35... h4 36. Rc4 $17 (36. a4 $5 $15
{ist interessant}) 36... h3 (36... Rgg2 37. Rc3 Rh2+ 38. Kg1 Rdg2+ 39. Kf1 $17)
37. Re4 $4 {fuehrt zu weiteren Sorgen} (37. Rc3 $142 37... Rxc3 38. bxc3 Rxa2
39. Rc1 $17) 37... Rgg2 38. Re2 Rdxe2 39. Rd1 (39. a4 {
holt die Kuh nicht vom Eis} 39... Rh2+ 40. Kg1 Reg2+ 41. Kf1 Rh1#) 39... Rh2+
40. Kg1 Reg2+ 41. Kf1 Rh1# 0-1

[Event "ICS Rated blitz match"]
[Site "204.178.125.65"]
[Date "1999.08.18"]
[Round "?"]
[White "Hossa"]
[Black "matar"]
[Result "1-0"]
[WhiteElo "2413"]
[BlackElo "2257"]
[Annotator "Fritz 5.32 (15s)"]
[PlyCount "57"]
[EventDate "1999.??.??"]

1. b3 1... e5 {Opening = A01 - 1.b3} 2. Bb2 Nc6 3. e3 d5 4. d4 (4. Nf3 Bd6 5.
d4 exd4 6. Nxd4 Nf6 7. Bb5 Bd7 8. Qf3 Ne5 9. Bxd7+ Qxd7 10. Qf5 Qe7 11. Nb5 O-O
12. Nxd6 cxd6 13. Nd2 Rac8 14. Rc1 Rc5 15. O-O Rfc8 16. Bd4 R5c6 17. f4 Ned7
18. c3 18... a6 {Gonzalez,J-Chandler,M/Dubai 1986/TD/0-1 (49)}) 4... e4 5. Nd2
$146 (5. c4 Nce7 (5... Nf6 6. Nc3 Bg4 7. f3 exf3 8. Nxf3 Bb4 9. a3 Bxc3+ 10.
Bxc3 Qe7 11. Qc1 O-O 12. h3 Bh5 13. Be2 Rfe8 14. Bd2 Ne4 15. cxd5 Bxf3 16. Bxf3
Qh4+ 17. Kd1 Nf2+ 18. Kc2 Nxh1 19. dxc6 Nf2 20. cxb7 Rab8 21. Be1 Qg3 22. Kc3
c5 23. Qd2 cxd4+ 24. Qxd4 Qc7+ 25. Kb2 25... Red8 {
- Macak,S-Kalata,P/Zilina 1997/EXT 99 (25)}) 6. cxd5 Nxd5 7. Nc3 Ngf6 8. Nge2
c6 9. Nxd5 cxd5 10. Nc3 a6 11. Be2 Bd6 12. f4 exf3 13. Bxf3 Qc7 14. Rc1 Bxh2
15. Ne4 Bg3+ 16. Kf1 dxe4 17. Rxc7 Bxc7 18. Be2 Nd5 19. Kf2 Be6 20. Qc2 f5 21.
Bh5+ Kd7 22. Ba3 Rac8 23. Qe2 g6 24. g4 f4 25. g5 gxh5 26. Qxh5 Nxe3 27. d5
Bxd5 28. Rc1 Be5 29. Rxc8 Kxc8 30. Qh3+ Kc7 31. Ke2 Bd4 32. Bc1 f3+ 33. Ke1
Ng2+ 34. Kf1 Bc6 35. a4 Kb8 36. Qf5 36... e3 {
0-1 Alonso,J-Papacek,S/St.Cugat 1994/EXT 98 (36)}) 5... Nf6 6. Bb5 a6 7. Bxc6+
bxc6 8. Ne2 h5 9. O-O 9... Bd6 {Schwarz hat Entwicklungsnachteil.} 10. f3 {
Verwehrt dem Gegner g4} 10... Bxh2+ $16 (10... Qe7 $11 $142 {
damit waere Schwarz im Spiel geblieben}) 11. Kxh2 11... Ng4+ $18 (11... exf3 $5
12. Rxf3 12... h4 $16) 12. fxg4 hxg4+ 13. Kg1 Qh4 14. Rf4 $16 (14. Qe1 $5 $142
14... Qh2+ 15. Kf2 $18) 14... g5 $18 (14... f5 15. Nxe4 $1 {
nun hat Weiss die besseren Moeglichkeiten} 15... dxe4 16. d5 Qh2+ 17. Kf1 $18)
15. Rf6 15... g3 {Mit der Mattdrohung Qh1} 16. Nxg3 $1 {ganz unerschrocken}
16... Qxg3 {Weiss darf nun die Drohung Rh2 nicht uebersehen} 17. Nf1 Qh4 18.
Rxc6 $4 $19 {danach wendet sich das Blatt} (18. Qe1 $142 {
Weiss haette nun das bessere Spiel} 18... Qh1+ 19. Kf2 $18) 18... g4 $4 $18 {
ein schwacher Zug, der den Gewinn vergibt} (18... Bd7 $142 19. Rf6 19... Ke7
$19) 19. Qe1 $1 {das wars} (19. Rxc7 g3 20. Nxg3 20... Qxg3 $19) 19... Qh1+ 20.
Kf2 Be6 (20... Rh6 {nuetzt auch nichts mehr} 21. Rxh6 (21. Rxc7 $6 {
ist wenig wert} 21... Rf6+ 22. Kg3 22... Rh6 $11) 21... Qxh6 22. Qb4 $18) 21.
Rxc7 Rh6 22. Qb4 {Droht Matt: Qe7. Weiss erhaelt entscheidenden Koenigsangriff}
22... Rf6+ 23. Kg3 Rf3+ 24. gxf3 Qxf3+ 25. Kh2 25... Qf2+ $4 $18 {
wild schwanken die Waagschalen...} (25... g3+ $142 {haette die Partie gerettet}
26. Nxg3 Qf2+ 27. Kh1 Qf3+ 28. Kh2 Qf2+ 29. Kh1 Qf3+ 30. Kh2 $11) 26. Kh1 Qh4+
27. Kg1 {Droht Matt: Ba3} 27... g3 (27... Qd8 {ist noch eine Idee} 28. Qc5 Rc8
29. Rxc8 Qxc8 30. Qxc8+ 30... Bxc8 $18) 28. Ba3 g2 (28... Qh1+ {
hilft auch nicht mehr} 29. Kxh1 g2+ 30. Kxg2 Bh3+ 31. Kxh3 Rb8 32. Qxb8#) 29.
Qf8# 1-0

[Event "ICS Rated blitz match"]
[Site "204.178.125.65"]
[Date "1999.08.18"]
[Round "?"]
[White "matar"]
[Black "Hossa"]
[Result "0-1"]
[WhiteElo "2248"]
[BlackElo "2422"]
[Annotator "Fritz 5.32 (15s)"]
[PlyCount "84"]
[EventDate "1999.??.??"]

1. e4 1... a6 {Opening = B00 - 1.e4 ---} 2. d4 b5 3. Nf3 3... Nf6 $146 (3... e6
4. Bd3 c5 5. dxc5 Bxc5 6. O-O Bb7 7. Nc3 b4 8. Na4 Ba7 9. c4 bxc3 10. bxc3 d5
11. exd5 Bxd5 12. Ba3 Qc7 13. c4 Bc6 14. Nc3 Nd7 15. Ne4 Bxe4 16. Bxe4 Rd8 17.
Qa4 Ngf6 18. Bc6 Rc8 19. Bxd7+ Nxd7 20. Rab1 Bc5 21. Bxc5 Qxc5 22. Rfd1 Qc6 23.
Qxc6 Rxc6 24. Rb7 {1-0 Monnard,L-Siino/Lyon 1993/EXT 97 (24)}) (3... Bb7) (3...
d5 4. e5 Bb7 5. Bd3 c5 6. dxc5 e6 7. b4 g6 8. O-O Bg7 9. Re1 Ne7 10. Bf4 Nec6
11. Qd2 Nd7 12. c3 O-O 13. Bh6 f5 14. exf6 Bxh6 15. Qxh6 Qxf6 16. Qe3 Rae8 17.
Nd4 Nde5 18. Re2 Ng4 19. Qd2 Nxd4 20. cxd4 Qxd4 21. Qc3 Qf4 22. Qd2 Qxh2+ 23.
Kf1 23... Qh1# {0-1 Kuntze,S-Kitzler,G/Leipzig 1998/EXT 99 (23)}) (3... Bb7 4.
e5 e6 5. c4 Bxf3 6. Qxf3 Nc6 7. Be3 f6 8. cxb5 axb5 9. Bxb5 Nb4 10. Na3 Rxa3
11. bxa3 Nc2+ 12. Ke2 Nxa1 13. Rxa1 Qb8 14. Rb1 Qa7 15. a4 c6 16. d5 Qa5 17.
dxc6 {1-0 Chandler,M-Schulz,W/Hamburg 1980/MCL (17)}) 4. Bd3 d5 5. e5 {
Raumvorteil} 5... Ne4 6. Nc3 $11 (6. Nbd2 6... Bf5 $14) 6... Nxc3 7. bxc3 c5 8.
dxc5 Qc7 9. Be3 Nd7 10. e6 10... fxe6 {Sichert f5} (10... Nxc5 $2 {
ist nicht korrekt} 11. exf7+ Kxf7 12. Ng5+ Ke8 13. Qh5+ Kd7 14. Nf7 Nxd3+ 15.
cxd3 Qxc3+ 16. Ke2 Qb2+ 17. Bd2 $18) 11. O-O $11 (11. Ng5 $5 {ist zu beachten}
11... Nxc5 12. Bxh7 $16) 11... Nxc5 {
Schwarz muss dringend die Entwicklung vorantreiben.} 12. Bxc5 $15 (12. Bd4 Nxd3
13. cxd3 13... h5 $14) 12... Qxc5 13. Ne5 {
Der Springer steht auf e5 komfortabel} 13... g6 {Befestigt f5} ({
Schwaecher scheint} 13... Qxc3 14. Qh5+ g6 15. Bxg6+ hxg6 16. Qxh8 Qxc2 17.
Rfc1 $16) 14. Qf3 Bh6 (14... Qxc3 $4 {Schwarz schlaegt einen vergifteten Bauern
} 15. Bxb5+ axb5 16. Qxc3 $18) 15. a4 $17 (15. Qg3 $5 {muss beachtet werden}
15... Bb7 16. a4 $11) 15... Rf8 (15... Qxc3 $4 {
das Schlagen des Bauern ist schlecht} 16. Bxg6+ hxg6 17. Qxc3 $18) 16. Qh3 Bg7
17. Rfe1 $17 (17. Rae1 $5 $142 {ist zu erwaegen} 17... Bxe5 18. Rxe5 $15) 17...
Bxe5 (17... Rxf2 18. Qe3 Qxe3 19. Rxe3 $17) 18. Rxe5 Qxf2+ 19. Kh1 19... Qf4
$17 (19... Qf6 $5 20. Rae1 bxa4 21. Qxh7 21... a3 $19) 20. Ree1 bxa4 21. Qxh7
21... Qd2 $11 (21... Qf6 $5 $17 $142) 22. Qxg6+ Kd8 23. Rab1 $4 $19 {
wirft den Vorteil weg} (23. c4 $142 {und Weiss kann noch kaempfen} 23... Qc3
24. cxd5 exd5 25. Qb6+ Qc7 26. Qxc7+ Kxc7 27. Rxa4 $15) 23... Qxc3 24. h4 (24.
Qg3 $19 $142) 24... Rh8 25. h5 Qd4 (25... Rb8 $1 $142 {
erleichterte Schwarz die Gewinnfuehrung} 26. Rbd1 $19) 26. g4 Qf2 27. Re2 Qg3
28. Rg1 Qh3+ 29. Rh2 Qf3+ 30. Rhg2 Bd7 31. h6 $2 $19 (31. Rf1 $142 31... Qh3+
32. Rh2 $17) 31... Qe3 (31... Bc6 32. Re1 d4 33. Be4 Bxe4 34. Qxe4 Rxh6+ 35.
Kg1 Qxe4 36. Rxe4 $19) 32. h7 32... Qh3+ $17 (32... Bc6 $5 33. Kh2 Qe5+ 34. Rg3
$19) 33. Rh2 Qf3+ 34. Rhg2 Bb5 35. Kh2 $2 (35. g5 $142 35... Bxd3 36. cxd3 $17)
35... Rc8 (35... Bxd3 $5 $142 {ginge schneller} 36. cxd3 Qf6 37. Qxf6 exf6 38.
Ra1 $19) 36. Rg3 36... Bxd3 {
Schwarz zwingt den Gegner mit starken Drohungen nieder} 37. cxd3 (37. Rxf3 $4 {
ein fetter Happen, aber} 37... Rxc2+ 38. Rg2 Bxg6 39. Rxc2 39... Bxc2 $19)
37... Rc2+ (37... Qf6 38. Qh5 Rc3 39. g5 Qf2+ 40. R1g2 $19) 38. Kh3 $2 (38.
R1g2 $142 38... Rxg2+ 39. Rxg2 Qf4+ 40. Rg3 $19) 38... Qf6 {Es droht Matt} 39.
Qg8+ (39. Qxf6 {haette noch versucht werden koennen} 39... exf6 40. Rf3 Rxh7+
41. Kg3 $19) 39... Kd7 {Droht Matt} 40. g5 (40. R3g2 {
der letzte Widerstandsversuch} 40... Rc8 $1 {zwingend und schoen} 41. Qxc8+
Kxc8 42. Rc2+ Kd7 43. Kg2 Rxh7 44. Rh1 Rxh1 45. Kxh1 Qf1+ 46. Kh2 Qxd3 47. Rf2
$19) 40... Qf5+ 41. Rg4 {Droht R1g2} 41... Qf3+ 42. R4g3 Qh5# 0-1

[Event "ICS Rated blitz match"]
[Site "204.178.125.65"]
[Date "1999.08.18"]
[Round "?"]
[White "Hossa"]
[Black "GeorgeVidan"]
[Result "1-0"]
[WhiteElo "2446"]
[BlackElo "2274"]
[Annotator "Fritz 5.32 (15s)"]
[PlyCount "63"]
[EventDate "1999.??.??"]

1. b3 1... d5 {Opening = A01 - 1.b3} 2. d4 (2. e3 e5 3. Bb2 Bd6 4. Nf3 Qe7 5.
c4 d4 6. exd4 exd4+ 7. Qe2 c5 8. Qxe7+ Nxe7 9. Bd3 Nbc6 10. a3 Bg4 11. Ng5 Ne5
12. Be4 12... h6 {0-1 Fries Nielsen,N-Farago,I/Esbjerg 1981/MCL (12)}) 2... c6
$146 (2... Nf6 3. Nc3 (3. Bb2 Bf5 4. e3 e6 5. h4 Bd6 6. Ne2 h6 7. f3 Qe7 8. g4
Bh7 9. a3 Nc6 10. Qd2 O-O-O 11. Nbc3 e5 12. Bh3 g5 13. dxe5 Nxe5 14. Kf2 Rhe8
15. Nd4 Kb8 16. h5 Ned7 17. Rhe1 Qe5 18. Nce2 Qh2+ 19. Bg2 Be4 20. Rg1 Bxf3 21.
Kxf3 Ne5+ 22. Kf2 Ne4+ 23. Ke1 Nxd2 24. Kxd2 Nxg4 25. Nf3 Qxh5 26. Bd4 26... c5
{0-1 Roschk,S-Schoenstein,T/Erlangen 1997/EXT 99 (26)}) 3... g6 4. Bb2 Bg7 5.
Nf3 Nbd7 6. e3 a6 7. Bd3 O-O 8. O-O b5 9. b4 Re8 10. Ne5 Nxe5 11. dxe5 Ng4 12.
Qf3 c6 13. Ne2 Nxe5 14. Bxe5 Bxe5 15. c3 Qd6 16. g3 h5 17. Qg2 {
Muthig,H-Horstmann,B/Giessen 1993/GER/0-1 (33)}) (2... Nc6 3. e3 Nf6 4. Bb2 Bf5
5. c4 Nb4 6. Na3 e6 7. c5 b6 8. Bc3 bxc5 9. Bxb4 cxb4 10. Bb5+ Nd7 11. Nc2 Bd6
12. a4 a5 13. Ne2 O-O 14. Ng3 Bg6 15. f4 Nf6 16. h4 Be4 17. Qe2 {
Busse,A-Schneider,H/Badenweiler 1995/EXT 98/0-1 (46)}) 3. e3 e6 4. c4 f5 5.
Qh5+ g6 6. Qe2 Nf6 7. Bb2 Bd6 8. Nf3 Nbd7 9. Qd3 O-O 10. Be2 Ne4 11. O-O g5 12.
Ba3 12... g4 {Schwarz engt den Gegner ein} 13. Nfd2 13... Ndf6 $14 (13... Bxh2+
$5 14. Kxh2 Nxf2 15. Rxf2 Qh4+ 16. Kg1 16... g3 $15) 14. f3 14... Bxh2+ $2 $18
(14... Nxd2 $142 {sieht noch spielbar aus} 15. Qxd2 Bxa3 16. Nxa3 g3 17. hxg3
17... Qd6 $11) 15. Kxh2 g3+ 16. Kh3 $4 {vergibt den sicheren Gewinn} (16. Kg1
$142 {mit klarem Vorteil fuer Weiss} 16... Nf2 17. Rxf2 gxf2+ 18. Kxf2 dxc4 19.
bxc4 $18 (19. Nxc4 $6 19... Ne4+ 20. Kg1 Qh4 21. fxe4 21... fxe4 $11)) 16... e5
$19 (16... f4 17. fxe4 e5+ 18. Bg4 Bxg4+ 19. Kh4 Nxe4+ 20. Be7 Qxe7+ 21. Kxg4
Qg5+ 22. Kh3 Qh5#) 17. f4 {Mit dxe5 waere Weiss nun aus dem Groebsten heraus} (
17. Bxf8 $4 {waere ein grobes Versehen} 17... Qxf8 18. fxe4 f4+ 19. Kh4 Qh6+
20. Bh5 Qxh5#) 17... Nf2+ $4 $18 {danach kann Schwarz alle Traeume begraben} (
17... Ng4 18. Qxe4 dxe4 19. Bxf8 exf4 20. Rxf4 20... Nxe3 $19 (20... Qxf8 $6 {
waere weniger gut} 21. Bxg4 Qh6+ 22. Kxg3 $15)) 18. Rxf2 $1 {triumphiert} 18...
e4 19. Qc2 gxf2 20. Bxf8 Qxf8 21. Kg3 Qh6 22. Nc3 Be6 23. Rc1 (23. Kxf2 {
laesst dem Gegner kaum Chancen} 23... Qh4+ 24. Kg1 dxc4 25. Nxc4 25... Kh8 $18)
23... Kh8 24. Kxf2 Qh4+ 25. Kg1 25... Rg8 {
Weiss darf Schwarz nun nicht zu Qh3 kommen lassen} 26. Nf1 Ng4 (26... Qh3 27.
Bd1 27... dxc4 $18) 27. Bxg4 fxg4 (27... Qxg4 28. cxd5 cxd5 29. Qf2 $18) 28.
cxd5 cxd5 29. Nxe4 dxe4 30. Qxe4 g3 (30... Qf6 {ist noch eine duenne Chance}
31. Rc7 Qf5 32. Qxb7 32... Bd5 $18) 31. Qe5+ Rg7 32. Qxe6 (32. Qxe6 Qd8 33. Rc8
Qxc8 34. Qxc8+ Rg8 35. Qxb7 $18) 1-0

[Event "ICS Rated standard match"]
[Site "204.178.125.65"]
[Date "1999.08.18"]
[Round "?"]
[White "Hossa"]
[Black "Varguz"]
[Result "0-1"]
[WhiteElo "2196"]
[BlackElo "2481"]
[Annotator "Fritz 5.32 (15s)"]
[PlyCount "42"]
[EventDate "1999.??.??"]

1. d4 1... Nf6 {Opening = D35 - 3.Nc3 Nf6(4.cd5 ed5 5.Bg5 c6 6.---)} 2. c4 e6
3. Nc3 d5 4. Bf4 Be7 (4... dxc4 5. e3 a6 6. Bxc4 c5 7. Nf3 b5 8. Bb3 Bb7 9. O-O
Be7 10. Rc1 cxd4 11. Nxd4 O-O 12. a4 Nbd7 13. axb5 e5 14. Nc6 Bxc6 15. bxc6
exf4 16. cxd7 fxe3 17. Nd5 Nxd7 18. Nxe3 Rb8 19. Nd5 Nf6 20. Nxe7+ Qxe7 21. Re1
Qb7 22. Bc4 {- Kortschnoj,V-Andersson,U/Wijk aan Zee 1990/CBM 17 (22)}) 5. e3
5... c5 $146 (5... O-O 6. c5 (6. Bd3 dxc4 (6... c5 7. cxd5 cxd4 8. exd4 Nxd5 9.
Bg3 Nc6 10. Nge2 Bf6 11. Be4 Nce7 12. Qb3 a6 13. O-O b6 14. Nxd5 Nxd5 15. Rac1
Bb7 16. Bc7 Qd7 17. Qh3 g6 18. Qg3 b5 19. Be5 Bxe5 20. dxe5 Rac8 21. Rcd1 Rc4
22. Bxd5 exd5 23. Nd4 Bc8 24. b3 Rc7 25. f4 Qg4 26. Qe3 Bb7 27. h3 Qc8 28. f5
Kh8 29. f6 Rc3 30. Qh6 Rg8 31. e6 fxe6 32. f7 {
1-0 MacKay,I-Meric,T/Arnhem 1987/EXT 97 (32)}) 7. Bxc4 Nd5 8. Nge2 a6 9. a3 b6
10. b4 Bb7 11. O-O Nd7 12. Qd3 Bg5 13. Bg3 Bf6 14. b5 a5 15. Na4 Rc8 16. Ba2 e5
17. Bb1 g6 18. e4 Ne7 19. d5 Nxd5 20. exd5 20... e4 {
Weck,U-Filipovic,Z/Bargteheide 1988/EXT 97/1-0 (40)}) 6... Ne4 7. Nxe4 dxe4 8.
Qc2 f5 9. Bc4 Nc6 10. a3 Bf6 11. O-O-O Kh8 12. f3 Qe7 13. Bg3 f4 14. Qxe4 fxg3
15. hxg3 g6 16. Qxg6 Bd7 17. f4 Rf7 18. g4 Rg7 19. Qh6 Rxg4 20. Bd3 {
Steinitz,W-Lasker,E/St.Petersburg 1896/CBM 60/[Kasparov]/1-0 (31)}) 6. Bxb8
Rxb8 7. cxd5 Nxd5 8. Qa4+ Bd7 9. Bb5 cxd4 10. Nxd5 exd5 11. Bxd7+ Qxd7 12. Qxa7
12... Qb5 {Es droht Matt} 13. a3 $15 {Sichert b4} (13. Ne2 Rc8 14. Qxd4 14...
Rc2 $17) 13... Qxb2 $4 $18 {
gibt den Vorteil aus der Hand. Weiss kann nicht lang rochieren} (13... O-O $142
{war relativ besser} 14. Qxd4 14... Bf6 $11) 14. Qxb8+ 14... Kd7 {
Schwarz fuehrt die Partie kraftvoll zu Ende} 15. Qxh8 Qxa1+ 16. Ke2 d3+ 17.
Kxd3 17... Qd1+ $1 {ein laestiges Schach} 18. Kc3 Bf6+ 19. Kb4 Qb1+ 20. Ka5 (
20. Ka4 {macht keinen grossen Unterschied} 20... Qc2+ 21. Kb4 Be7+ 22. Ka5 Qc5+
23. Ka4 Qxa3+ 24. Kb5 Qb4#) 20... Bc3+ 21. Ka4 b5# 0-1

[Event "ICS Rated standard match"]
[Site "204.178.125.65"]
[Date "1999.08.18"]
[Round "?"]
[White "Varguz"]
[Black "Hossa"]
[Result "1-0"]
[WhiteElo "2501"]
[BlackElo "2195"]
[Annotator "Fritz 5.32 (15s)"]
[PlyCount "104"]
[EventDate "1999.??.??"]

1. Nf3 1... g6 {Opening = A04 - 1.Nf3 ---} 2. e4 Bg7 3. Bc4 c6 4. Nc3 b5 5. Bb3
b4 6. Ne2 d5 7. exd5 cxd5 8. d4 Nf6 9. O-O O-O 10. Ne5 10... a5 $146 (10... Bb7
11. a3 bxa3 12. Rxa3 Ne4 (12... Nc6 13. Bf4 Na5 14. Ba2 Ne4 15. Qe1 Nc6 16. f3
Nd6 17. Qd2 Nb5 18. Rb3 a6 19. Nxc6 Bxc6 20. Bh6 Nd6 21. Bxg7 Kxg7 22. Re3 Rb8
23. b4 Nf5 24. Re5 Qd6 25. Nf4 Qxb4 26. Qxb4 Rxb4 27. c3 {
Fernandes,A-Ivanovic,B/Budva 1981/MCD/ - (47)}) 13. Nf4 e6 14. Nfd3 Nc6 15. c3
Qe7 16. Re1 Rfc8 17. f3 Nxe5 18. Nxe5 Nd6 19. Qe2 a5 20. Bf4 Ba6 21. Qf2 Bc4
22. Ba4 Bb5 23. Rea1 Bxa4 24. Rxa4 Qd8 25. Qe2 {
Madl,I-Petrovic,M/Jajce 1986/EXT 97/1-0 (41)}) (10... Ba6 11. a3 bxa3 12. Rxa3
Qb6 13. Re1 Nc6 14. Nf4 e6 15. Be3 Qb7 16. Nfd3 Bxd3 17. Nxd3 Nd7 18. c3 Nb6
19. Nc5 Qc7 20. Qf3 a5 21. Bf4 e5 22. Bg3 Rad8 23. Nd3 Rfe8 24. Raa1 Re6 25. h3
{Lipes,Y-Segal,A/Netanya 1993/EXT 98/ - (40)}) 11. a3 Ba6 12. axb4 axb4 13. Bd2
Qb6 14. Qe1 Bxe2 15. Rxa8 Bxf1 16. Kxf1 16... Qxd4 $16 (16... Na6 $5 {
ist die kritische Fortsetzung} 17. Rxf8+ 17... Bxf8 $11) 17. Bxb4 Ne4 18. Nf3
Qxb2 19. Ba3 Qf6 20. Bxe7 Qxe7 21. Bxd5 Nd7 22. Qxe4 Qxe4 23. Bxe4 Bc3 24. Ra3
{Weiss geht zum Angriff ueber} 24... Rc8 25. Bd5 Nf6 26. Bb3 Rc7 27. Ng5 Bb2
28. Ra2 Bc3 29. Nxf7 Kg7 (29... Kf8 30. Nd6 $18) 30. Nd8 Rd7 31. Ne6+ Kh6 32.
Ra4 g5 33. h3 Rd6 34. Rc4 Bb2 35. Rc7 Rd2 36. Rc6 Kh5 37. Nc5 Rd8 38. Ne4 Rf8 (
38... Nxe4 $4 {Schwarz muss den Springer stehen lassen} 39. Bf7+ Kh4 40. Rh6#)
39. c3 $1 {nun ist alles klar} 39... Kg6 (39... Nxe4 $4 {
Schwarz kann den Springer nicht nehmen} 40. g4+ Kh4 41. Rh6#) 40. Bc2 Kg7 41.
Nxg5 Kh8 42. c4 Rg8 43. Nf7+ (43. f4 {waere im Gewinnsinne praeziser} 43... Ra8
$18) 43... Kg7 44. Rc7 h5 (44... Ra8 {hilft auch nicht mehr} 45. Nd6+ Kf8 46.
Bxh7 Nxh7 47. Rxh7 $18) 45. Rb7 Bd4 (45... Ba1 {holt die Kuh nicht vom Eis} 46.
Nd6+ Kh8 47. c5 $18) 46. Ne5+ {Weiss erhaelt entscheidenden Koenigsangriff}
46... Kh6 47. f4 Bxe5 (47... Bc3 {
kann das Vorangegangene nicht ungeschehen machen} 48. Nc6 h4 49. Ne7 $18) 48.
fxe5 Rc8 49. exf6 {Mit der Mattdrohung h4} 49... Rxc4 (49... Rf8 $18 {
bietet noch letzte Rettungschancen}) 50. Rh7+ Kg5 51. f7 {Droht Matt: Rg7}
51... Rf4+ 52. Kg1 h4 1-0

[Event "ICS Rated standard match"]
[Site "204.178.125.65"]
[Date "1999.08.18"]
[Round "?"]
[White "Hossa"]
[Black "PostModernist"]
[Result "1-0"]
[WhiteElo "2194"]
[BlackElo "2351"]
[PlyCount "113"]

1. d4 c6 2. e4 d5 3. Nd2 dxe4 4. Nxe4 Nd7 5. c3 Ngf6 6. Bd3 Nxe4 7. Bxe4 Nf6 8.
Bf3 e6 9. Ne2 Bd6 10. O-O Qc7 11. Ng3 h5 12. Re1 h4 13. Nf1 Bd7 14. Be3 h3 15.
g3 O-O-O 16. Nd2 Nd5 17. Nc4 Bf8 18. Qa4 Nxe3 19. Rxe3 Kb8 20. Rae1 g5 21. Ne5
Be8 22. a3 Bh6 23. R3e2 f5 24. Qb3 Qc8 25. Nd3 g4 26. Bh1 Bf7 27. Ne5 Be8 28.
Nc4 Bf7 29. a4 Bg7 30. Ne5 Bxe5 31. Rxe5 Qc7 32. Qd1 Rh7 33. b4 a6 34. Qd2 Rhh8
35. b5 cxb5 36. axb5 a5 37. b6 Qxb6 38. Qa2 Rd5 39. Bxd5 exd5 40. Re7 Bg8 41.
Re8+ Ka7 42. Qa3 Be6 43. Rxh8 Bd7 44. Qf8 Qb5 45. Qb8+ Ka6 46. Qc7 Ka7 47. Ra1
a4 48. Rxa4+ Qxa4 49. Qc5+ b6 50. Qc7+ Ka6 51. Ra8+ Kb5 52. Qxd7+ Kc4 53. Qxa4+
Kd3 54. Qd1+ Kxc3 55. Ra3+ Kb2 56. Rb3+ Ka2 57. Qb1# {PostModernist checkmated}
1-0

[Event "ICS rated blitz match"]
[Site "204.178.125.65"]
[Date "1999.08.18"]
[Round "?"]
[White "Esen"]
[Black "Hossa"]
[Result "0-1"]
[WhiteElo "2009"]
[BlackElo "2453"]
[PlyCount "38"]

1. e4 e5 2. c4 Bc5 3. d3 d6 4. Be3 Bxe3 5. fxe3 Nh6 6. Nf3 f5 7. exf5 Nxf5 8.
e4 Nh4 9. Nxh4 Qxh4+ 10. g3 Qg5 11. Qd2 Qxd2+ 12. Nxd2 Nc6 13. Bg2 Nd4 14.
O-O-O Bg4 15. Rde1 O-O 16. Rhf1 Be2 17. Rxf8+ Rxf8 18. Bf1 Bh5 19. Nb3 19...
Nf3 {Esen resigns} 0-1

[Event "ICS rated blitz match"]
[Site "204.178.125.65"]
[Date "1999.08.18"]
[Round "?"]
[White "Hossa"]
[Black "Esen"]
[Result "1/2-1/2"]
[WhiteElo "2455"]
[BlackElo "2007"]
[PlyCount "151"]

1. d4 Nf6 2. c4 e6 3. Nc3 Bb4 4. Bg5 Bxc3+ 5. bxc3 h6 6. Bxf6 Qxf6 7. e4 d6 8.
Bd3 e5 9. Qf3 Qxf3 10. Nxf3 Nc6 11. Rb1 b6 12. Ke2 Bg4 13. d5 Na5 14. Rb2 Bxf3+
15. Kxf3 Ke7 16. g3 g5 17. Rhb1 Nb7 18. a4 a5 19. Ke3 Nc5 20. Bc2 Rag8 21. f3
f6 22. Rb5 h5 23. R5b2 h4 24. g4 Rg7 25. h3 Rgg8 26. Rb5 Rf8 27. R1b2 Rd8 28.
Kf2 Rdf8 29. Ke2 Rd8 30. Ke3 Rdf8 31. Rb1 Rd8 32. Bb3 Rdf8 33. Bd1 Rd8 34. R1b2
Rdf8 35. Bb3 Rd8 36. Kd2 Rdf8 37. Ke2 Rd8 38. Ke3 Rdf8 39. Kd2 Rd8 40. Bc2 Rdf8
41. Rb1 Rd8 42. Ke2 Rdf8 43. R5b2 Rd8 44. Kf2 Rdf8 45. Ke1 Rd8 46. Kd2 Rdf8 47.
Bb3 Rd8 48. Ke3 Nd7 49. Bc2 Nf8 50. Bd3 Ng6 51. Be2 Nf4 52. Bf1 Rdf8 53. Rb3
Rd8 54. Rb5 Rdf8 55. R1b2 Rd8 56. Bg2 Ng6 57. R5b3 Nf8 58. Bf1 Nd7 59. Bd3 Nc5
60. Ra3 Rdf8 61. Raa2 Rd8 62. Ra1 Rdf8 63. Bc2 Rd8 64. Bb3 Rdf8 65. Rab1 Rd8
66. Bd1 Nd7 67. Kd2 Nf8 68. Be2 Ng6 69. Bd3 Nf4 70. Rh1 Ng6 71. Ke3 Nf8 72. Rg1
Nd7 73. Rgb1 Nc5 74. Ra2 Nd7 75. Rb3 Nf8 76. Rab2 {
Game drawn by the 50 move rule} 1/2-1/2

[Event "ICS rated blitz match"]
[Site "204.178.125.65"]
[Date "1999.08.18"]
[Round "?"]
[White "nullifier"]
[Black "Hossa"]
[Result "0-1"]
[WhiteElo "2065"]
[BlackElo "2441"]
[PlyCount "42"]

1. e4 e5 2. Nc3 Nc6 3. Bb5 a6 4. Bxc6 dxc6 5. Nf3 Bg4 6. h3 Bxf3 7. Qxf3 Bb4 8.
O-O Ne7 9. Qg3 Ng6 10. a3 Bxc3 11. Qxc3 O-O 12. Qg3 Qd4 13. d3 f5 14. Qe3 Qd7
15. exf5 Rxf5 16. Qe4 Raf8 17. Bd2 Qf7 18. Qc4 Qd5 19. Bb4 R8f7 20. Qe4 Nf4 21.
f3 21... Rg5 {nullifier resigns} 0-1